000
00229 a2200097 4500
001
38757
100
_a
Maj Gen(Retd) Shahid Hamid
245
_a
General ki Aap Baiti
260
_a
Lahore
_b
Jang Publisher
_c
090
_c
24575
_d
24575
942
_a
NUST-CAE
_c
M
_c
16197
999
_c
273830
_d
273830